000 01054nam a2200229Ia 4500
001 L261-47542
003 IT-CnALBA
008 170116s9999||||xx |||||||||||||| ||und||
040 _aIT-CnALBA
_cIT-CnALBA
041 _aITALIANO
100 _aMAZZOLARI D. PRIMO
245 0 _aRIVOLUZIONE CRISTIANA.
250 _a1a ed.
260 _a BOLOGNA - NAPOLI
_bDEHONIANE EDIZIONI
_c1995 [1° Ed.:1995 - Ed.Ling.Originale: 1995]
300 _a188 p.
500 _aRIVOLUZIONE CRISTIANA IN ITALIA. PREMESSE ALLA RIPRESA DELLA LOTTA POLITICA. LA LIBERTÀ. ECONOMIA SUL PIANO DELLA RIVOLUZIONE CRISTIANA. RIVOLUZIONE E RIVOLUZIONI. CATTOLICI E COMUNISTI.
501 _aSocietà San Paolo EM - Piazza San Paolo, 14 - 12051 ALBA (CN) (non commercial uses only) ® Copyright 2017
520 _aRIVOLUZIONE CRISTIANA IN ITALIA. PREMESSE ALLA RIPRESA DELLA LOTTA POLITICA. LA LIBERTÀ. ECONOMIA SUL PIANO DELLA RIVOLUZIONE CRISTIANA. RIVOLUZIONE E RIVOLUZIONI. CATTOLICI E COMUNISTI.
650 _aTEOLOGIA SOCIALE
942 _cBK
957 _71
999 _a54059
_bNO
_g Copie: 1
_c306477
_d306477